000 00366nam a2200121Ia 4500
008 220901s9999||||xx |||||||||||||| ||und||
082 _a004.6 GLO
100 _aGlobal Research Publications
_913744
245 0 _aIndian journal of neural networks research
250 _aVol. 10 Issue 1 & 2
260 _bGlobal Research Publications
_c2020
650 _aNeural networks
999 _c194093
_d194093